| 000 | 01054nam a22002177a 4500 | ||
|---|---|---|---|
| 005 | 20180710141259.0 | ||
| 010 | _aHIN-114345 | ||
| 020 | _c130.00 | ||
| 035 | _aHN-86691 | ||
| 037 | _bDBAD/PUB | ||
| 082 | _a000 | ||
| 245 |
_aदिल्ली पुलिस कांस्टेबल : _cएस.चंद द्वारा संपादित _bकार्यकारी - पुरूष/महिला भर्ती परीक्षा 2017/ |
||
| 246 | _aDelhi Police Constable / | ||
| 260 |
_aनई दिल्ली _bएस चन्द एण्ड कम्पनी _c2017 |
||
| 270 |
_bनई दिल्ली _a7361,राम नगर,कुतुब रोड, _e110055 _mwwwshandpublishing.com _k23672080,9911310888 _l91-11-23677446 |
||
| 300 |
_a144पृ. _c26से.मी.(अजिल्द) _bसचित्र |
||
| 490 | _aExam success series | ||
| 500 | _a15 प्रैस्टिस सेट्स | ||
| 700 | _aएस.चंद | ||
| 942 |
_2ddc _cHN _h000 _mदिल्लीपु |
||
| 999 |
_c152977 _d152977 |
||